| 000 | 00515nam a22001817a 4500 | ||
|---|---|---|---|
| 003 | OSt | ||
| 005 | 20151029114502.0 | ||
| 008 | 130625t xxu||||| |||| 00| 0 eng d | ||
| 020 | _a1888777745 | ||
| 050 |
_aPR 2906 _b.G464 2001 |
||
| 082 |
_aIB 822.33 _bSh1 2001 |
||
| 245 |
_aThe library shakespeare / _billustrated by Sir John Gilbert, George Cruikshank, and R. Dudley. |
||
| 260 |
_aLondon : _bWilliam Mackenzie, _cc2001. |
||
| 300 |
_a3 v. _c31 cm. |
||
| 562 | _e1 | ||
| 942 |
_2lcc _cBK |
||
| 999 |
_c3097 _d3097 |
||